000 00480nam a2200169 i 4500
001 84079
003 ES-MaACL
005 20230906174936.0
007 t|
008 041119s1970 sp ||||1| spa d
100 1 _aIzieu, Jean d'.
_965692
245 1 0 _aEntre dos patrias
_b: novela /
_cJean d'Izieu y Michel Sabathier.
260 _aBilbao :
_bMensajero,
_c[1970]
300 _a219 p. ;
_c21 cm.
700 1 _aSabathier, Michel.
_9101183
852 _aES-MaACL
_jC-46223
_bR.74494
999 _c84079
_d84079